| 000 | 01199cam a2200349Ia 4500 | ||
|---|---|---|---|
| 001 | 53342 | ||
| 005 | 20230411090009.0 | ||
| 008 | 041101s2004 ag b 000 0 spa d | ||
| 035 | _a(OCoLC)ocm56881212 | ||
| 040 |
_aOCL _cOCL _dOCLCQ _dOCL |
||
| 020 | _a9871181035 | ||
| 020 | _a9789871181032 | ||
| 029 | 1 |
_aNLGGC _b275896889 |
|
| 035 | _a(OCoLC)56881212 | ||
| 043 | _as-ve--- | ||
| 090 |
_aP95.82.V4 _bB849 2004 |
||
| 049 | _aGRAL | ||
| 100 | 1 | _aBritto García, Luis. | |
| 245 | 1 | 0 |
_aDictadura mediática en Venezuela : _binvestigación de una prensa por encima de toda sospecha / _cLuis Britto García. |
| 246 | 1 |
_iAt head of title: _aPeriodismo en tiempos de crisis |
|
| 260 |
_aBuenos Aires, Argentina : _bCapital Intelectual S.A., _cc2004. |
||
| 300 |
_a90 p. ; _c22 cm. |
||
| 490 | 1 |
_aLe Monde diplomatique ; _v16 |
|
| 504 | _aIncludes bibliographical references. | ||
| 650 | 0 |
_aMass media policy _zVenezuela. |
|
| 650 | 0 |
_aMass media _xPolitical aspects _zVenezuela. |
|
| 650 | 0 |
_aMass media _xMoral and ethical aspects _zVenezuela. |
|
| 830 | 0 |
_aMonde diplomatique (Series) (Buenos Aires, Argentina) ; _v16. |
|
| 942 |
_2lcc _cbk |
||
| 946 | _aclperez | ||
| 994 |
_aC0 _bDRFGD |
||
| 999 |
_c110636 _d110636 |
||